Stati con il maggior numero di parlanti Italiano - Statistics

Statistiche generali
  • Questo quiz è stato fatto 36 volte
  • Il punteggio medio è 9 su 10
Statistiche sulle risposte
Numero parlanti Continente Nazione % Corretto
290 328 Oceania Australia
100%
655 961 Europa Francia
100%
57 490 841 Europa Italia
100%
677 455 America del Nord Stati Uniti
100%
693 813 Europa Svizzera
100%
375 635 America del Nord Canada
97%
632 903 Europa Germania
97%
111 919 Europa Spagna
88%
122 901 America del Sud Colombia
79%
190 816 Europa Belgio
65%
Nessun quiz corrispondente trovato
Distribuzione punteggi
Percentuale di utenti per punteggio
Percentile per numero di risposta
I tuoi punteggi nel tempo
Non hai fatto questo quiz